000 00783cam a2200157 4500500
005 20260329010805.0
041 _afre
042 _adc
100 1 0 _aBrowaeys, Dorothée
_eauthor
245 0 0 _aWilliam MacAskill Faire le bien, en mieux ! L’altruisme efficace. Traduit de l’anglais (Grande-Bretagne) par Philippine Donnelly. Préface de Matthieu Ricard. Hermann, 2025, 264 pages, 20 €.
260 _c2026.
500 _a69
520 _aAlors que l’Art déco fête ses cent ans, plusieurs expositions à Paris et en région reviennent sur la singularité et le rayonne– ment de ce mouvement.
786 0 _nÉtudes | 4335 | 3 | 2026-02-25 | p. 137a-138 | 0014-1941
856 4 1 _uhttps://shs.cairn.info/revue-etudes-2026-3-page-137a?lang=fr&redirect-ssocas=7080
999 _c1855851
_d1855851